| 000 -LEADER |
| fixed length control field |
nam a22 7a 4500 |
| 005 - DATE AND TIME OF LATEST TRANSACTION |
| control field |
20190323013411.0 |
| 008 - FIXED-LENGTH DATA ELEMENTS--GENERAL INFORMATION |
| fixed length control field |
190323b xxu||||| |||| 00| 0 eng d |
| 020 ## - IDENTIFIER FOR THE MANIFESTATION |
| Identifier for the Manifestation |
9716100264 |
| Binding |
paperback |
| 040 ## - CATALOGING SOURCE |
| Language of Cataloging |
eng |
| Transcribing Agency |
APEC Schools Library |
| Description Conventions |
rda |
| 082 ## - DEWEY DECIMAL CLASSIFICATION NUMBER |
| Classification number |
Fil 428.34 |
| Author's Number |
C758 2004 |
| 100 ## - CREATOR |
| Preferred Name of the Person |
Consulta, Alfredo |
| 245 ## - TITLE AND STATEMENT OF RESPONSIBILITY |
| Preferred Title Proper |
Achieving fluent english : with answer keys / |
| Statement of Responsibility/Parallel Statement of Responsibility |
Alfredo Consulta, |
| -- |
Ma. Rosario Benedicta |
| 250 ## - EDITION STATEMENT |
| Designation of Edition/Designation of a Named Revision of an Edition |
Revised edition. |
| 264 ## - PUBLICATION STATEMENT |
| Place of publication, distribution, etc |
Quezon City : |
| Publisher's Name/Parallel Publisher's Name |
Isa-Jecho Publishing, Inc., |
| Copyright |
©2004. |
| 300 ## - PHYSICAL DESCRIPTION |
| Extent |
vii, 248 pages ; |
| Dimensions |
17 cm. |
| 336 ## - RDA CONTENT |
| Source |
rdacontent |
| Content Type |
text |
| 337 ## - RDA MEDIA |
| Source |
rdamedia |
| Media Type |
unmediated |
| 338 ## - RDA CARRIER |
| Source |
rdacarrier |
| Carrier Type |
volume |
| 650 ## - ADDED SUBJECT ACCESS POINT - TOPICAL TERM |
| Topical Term |
English language. |
| 942 ## - ADDED ENTRY ELEMENTS (KOHA) |
| Source of Classification |
|
| Koha Item Type |
Non Fiction |